[Event "35th European Club Cup 2019"]
[Site "Ulcinj"]
[Date "2019.11.15"]
[Round "6.13"]
[White "Cernousek, Lukas"]
[Black "Goldsztejn, Gildas"]
[Result "0-1"]
[WhiteElo "2461"]
[BlackElo "2426"]
[Annotator "ChessBase"]
[PlyCount "104"]
[EventDate "2019.11.10"]
[EventType "team-tourn"]
[EventCountry "MNE"]
[SourceTitle "playchess.com"]
[Source "ChessBase"]
[SourceQuality "1"]
[WhiteTeam "Unichess"]
[BlackTeam "Asnieres"]
[TimeControl "40/5400+30:1800+30"]

1. e4 {[%emt 0:00:00]} e6 {[%emt 0:00:00]} 2. d4 d5 3. Nd2 {[%emt 0:00:54]} c5 {[%emt 0:00:00]} 4. Ngf3 cxd4 {[%emt 0:00:00]} 5. Nxd4 {[%emt 0:02:31]} Nf6 {[%emt 0:00:06]} 6. exd5 {[%emt 0:08:12]} Qxd5 {[%emt 0:04:08]} 7. Nb5 {[%emt 0:00:13]} Na6 {[%emt 0:01:09]} 8. Nc3 {[%emt 0:09:19]} Qd8 {[%emt 0:00:22]} 9. Qf3 {[%emt 0:00:53]} Nb4 {[%emt 0:01:29]} 10. Qd1 {[%emt 0:02:28]} Be7 {[%emt 0:09:19]} 11. Be2 {[%emt 0:04:13]} O-O {[%emt 0:01:28]} 12. O-O {[%emt 0:00:07]} e5 {[%emt 0:04:17]} 13. a3 {[%emt 0:05:56]} Nc6 {[%emt 0:00:24]} 14. Nde4 {[%emt 0:08:03]} Nxe4 {[%emt 0:02:20]} 15. Nxe4 {[%emt 0:00:03]} Be6 {[%emt 0:00:21]} 16. Be3 {[%emt 0:07:38]} Nd4 {[%emt 0:03:12]} 17. Bxd4 {[%emt 0:01:05]} exd4 {[%emt 0:00:06]} 18. Bd3 {[%emt 0:05:59]} Qb6 {[%emt 0:22:30]} 19. b3 {[%emt 0:05:49]} Rad8 {[%emt 0:09:58]} 20. Qd2 {[%emt 0:09:45]} Bd5 {[%emt 0:04:51]} 21. Rfe1 {[%emt 0:01:38]} Rfe8 {[%emt 0:01:36]} 22. Re2 {[%emt 0:02:12]} Bc6 {[%emt 0:15:58]} 23. Qf4 {[%emt 0:02:46]} Qa5 {[%emt 0:01:45]} 24. a4 {[%emt 0:03:03]} Qh5 {[%emt 0:06:10]} 25. Rae1 {[%emt 0:03:59]} Qh4 {[%emt 0:04:59]} 26. Qd2 {[%emt 0:08:03]} g6 {[%emt 0:02:32]} 27. Qa5 {[%emt 0:03:44]} a6 {[%emt 0:01:55]} 28. Bc4 {[%emt 0:00:28]} Qf4 {[%emt 0:00:45]} 29. Qb6 {[%emt 0:02:56]} Kg7 {[%emt 0:01:08]} 30. Bxa6 {[%emt 0:00:56]} bxa6 {[%emt 0:01:09]} 31. Qxc6 {[%emt 0:00:03]} Bb4 {[%emt 0:00:15]} 32. Rd1 {[%emt 0:01:33]} d3 {[%emt 0:01:00]} 33. cxd3 {[%emt 0:00:14]} Re6 {[%emt 0:00:12]} 34. Qc4 {[%emt 0:00:58]} a5 {[%emt 0:00:37]} 35. Ng3 {[%emt 0:01:13]} Rd4 {[%emt 0:00:09]} 36. Qc8 {[%emt 0:00:25]} Red6 {[%emt 0:00:43]} 37. Re3 {[%emt 0:00:28]} Qg5 {[%emt 0:00:59]} 38. Qc2 {[%emt 0:00:39]} Qd5 {[%emt 0:00:09]} 39. h3 {[%emt 0:00:27]} Rc6 {[%emt 0:00:01]} 40. Qb2 {[%emt 0:00:00]} Bc3 {[%emt 0:00:00]} 41. Qa2 {[%emt 0:12:53]} Rb4 {[%emt 0:08:14]} 42. Ne2 {[%emt 0:01:10]} Be5 {[%emt 0:00:23]} 43. d4 {[%emt 0:00:36]} Bc7 {[%emt 0:00:13]} 44. Rdd3 {[%emt 0:04:41]} h5 {[%emt 0:08:54]} 45. h4 Rf6 {[%emt 0:05:11]} 46. Qd2 {[%emt 0:05:26]} Rbb6 {[%emt 0:02:22]} 47. Qc2 {[%emt 0:07:27]} Bb8 {[%emt 0:01:57]} 48. Qc5 {[%emt 0:02:18]} Qd8 {[%emt 0:00:28]} 49. Qe7 {[%emt 0:00:11]} Qc8 {[%emt 0:00:08]} 50. Rc3 {[%emt 0:00:19]} Qf5 {[%emt 0:01:55]} 51. Rf3 {[%emt 0:01:05]} Rfe6 {[%emt 0:00:21]} 52. Qd8 Qb1+ 0-1

[Event "35th European Club Cup 2019"]
[Site "Ulcinj"]
[Date "2019.11.15"]
[Round "6.14"]
[White "Zvjaginsev, Vadim"]
[Black "Grandelius, Nils"]
[Result "1/2-1/2"]
[WhiteElo "2626"]
[BlackElo "2681"]
[Annotator "TA"]
[PlyCount "65"]
[EventDate "2019.11.10"]
[EventType "team-tourn"]
[EventCountry "MNE"]
[SourceTitle "playchess.com"]
[Source "ChessBase"]
[SourceQuality "1"]
[WhiteTeam "Moscow Chess Team"]
[BlackTeam "Valerenga"]

{[%evp 9,65,0,0,0,0,-3,0,0,7,0,15,14,16,14,20,0,18,15,29,1,58,11,14,0,13,13,16,13,14,20,20,20,20,12,10,20,20,20,20,14,27,33,27,6,6,0,0,0,0,0,0,0,0,0,0,0,0,-3]} 1. Nf3 d5 2. e3 Nf6 3. c4 e6 4. Nc3 b6 5. cxd5 $146 (5. Qa4+ c6 6. Be2 Bd6 7. d3 O-O 8. e4 dxe4 9. dxe4 Qc7 10. c5 bxc5 11. O-O Nbd7 12. g3 Ne5 {0-1 (34) Firouzja,A (2702)-Ding,L (2811) Khanty-Mansiysk 2019}) 5... exd5 6. g3 {A17: English Opening: 1...Nf6 with ...Bb4} Bd6 7. Bg2 O-O 8. O-O Bb7 9. b3 a6 10. Bb2 Nbd7 11. Rc1 Re8 12. Ne2 Rc8 13. d4 c5 14. Nf4 Rc7 (14... c4 $11) 15. Ba3 Nf8 16. Ne5 Bxe5 17. dxe5 Rxe5 18. Bb2 Re8 19. Bxf6 Qxf6 20. Nxd5 ({Much worse is} 20. Bxd5 Rd7 $17) 20... Bxd5 21. Bxd5 Rd8 22. Qf3 Qxf3 23. Bxf3 Rd2 24. a4 Ne6 25. Rfd1 Rcd7 26. Rxd2 Rxd2 $11 {[%mdl 4096] Endgame KRB-KRN. The position is equal.} 27. a5 b5 28. Bg4 Ra2 29. Bxe6 fxe6 30. Rxc5 Rxa5 31. b4 Ra4 32. Rc6 Kf7 33. Kg2 {Accuracy: White = 70%, Black = 55%.} 1/2-1/2

[Event "35th European Club Cup 2019"]
[Site "Ulcinj"]
[Date "2019.11.15"]
[Round "6.14"]
[White "Gozzoli, Yannick"]
[Black "Simek, Petr"]
[Result "1-0"]
[WhiteElo "2600"]
[BlackElo "2307"]
[Annotator "ChessBase"]
[PlyCount "45"]
[EventDate "2019.11.10"]
[EventType "team-tourn"]
[EventCountry "MNE"]
[SourceTitle "playchess.com"]
[Source "ChessBase"]
[SourceQuality "1"]
[WhiteTeam "Asnieres"]
[BlackTeam "Unichess"]
[TimeControl "40/5400+30:1800+30"]

1. Nf3 {[%emt 0:00:00]} d5 {[%emt 0:00:00]} 2. d4 {[%emt 0:00:00]} Nf6 {[%emt 0:00:00]} 3. c4 {[%emt 0:00:00]} e6 {[%emt 0:00:00]} 4. Nc3 {[%emt 0:00:00]} Nbd7 {[%emt 0:00:07]} 5. cxd5 exd5 {[%emt 0:00:08]} 6. Bf4 {[%emt 0:04:08]} c6 {[%emt 0:01:43]} 7. e3 {[%emt 0:01:28]} Be7 {[%emt 0:00:22]} 8. Bd3 {[%emt 0:00:38]} Nh5 {[%emt 0:04:12]} 9. Be5 {[%emt 0:00:54]} Nxe5 {[%emt 0:00:39]} 10. Nxe5 {[%emt 0:00:35]} g6 {[%emt 0:02:58]} 11. Qc2 {[%emt 0:01:58]} Ng7 {[%emt 0:02:16]} 12. O-O-O {[%emt 0:02:52]} Bf5 {[%emt 0:01:46]} 13. e4 {[%emt 0:16:14]} dxe4 {[%emt 0:09:04]} 14. Bc4 {[%emt 0:00:57]} O-O {[%emt 0:03:17]} 15. Nxe4 {[%emt 0:13:52]} Qb6 {[%emt 0:27:23]} 16. g4 {[%emt 0:02:13]} Bg5+ {[%emt 0:03:26]} 17. Kb1 {[%emt 0:01:16]} Bxe4 {[%emt 0:00:06]} 18. Qxe4 {[%emt 0:00:05]} Rad8 {[%emt 0:00:07]} 19. h4 {[%emt 0:05:23]} Bf6 {[%emt 0:00:12]} 20. h5 {[%emt 0:00:20]} Bxe5 {[%emt 0:03:37]} 21. Qxe5 {[%emt 0:04:51]} Qb4 {[%emt 0:00:17]} 22. hxg6 {[%emt 0:00:56]} Qxc4 {[%emt 0:01:03]} 23. Rxh7 {[%emt 0:00:04]} 1-0

[Event "35th European Club Cup 2019"]
[Site "Ulcinj"]
[Date "2019.11.15"]
[Round "6.14"]
[White "Tarlev, Konstantin"]
[Black "Krivonosov, Oleg"]
[Result "1-0"]
[WhiteElo "2564"]
[BlackElo "2404"]
[Annotator "ChessBase"]
[PlyCount "67"]
[EventDate "2019.11.10"]
[EventType "team-tourn"]
[EventCountry "MNE"]
[SourceTitle "playchess.com"]
[Source "ChessBase"]
[SourceQuality "1"]
[WhiteTeam "Viernheim"]
[BlackTeam "MRU-ROSK Consulting"]
[TimeControl "40/5400+30:1800+30"]

1. e4 {[%emt 0:00:00]} e5 {[%emt 0:00:00]} 2. Nf3 {[%emt 0:00:02]} Nc6 {[%emt 0:00:00]} 3. d4 {[%emt 0:01:52]} exd4 {[%emt 0:00:01]} 4. Nxd4 {[%emt 0:00:04]} Bc5 {[%emt 0:00:12]} 5. Nb3 {[%emt 0:00:16]} Bb6 {[%emt 0:00:25]} 6. Nc3 {[%emt 0:00:38]} Nf6 {[%emt 0:02:23]} 7. Qe2 {[%emt 0:00:15]} d6 {[%emt 0:00:27]} 8. Be3 {[%emt 0:00:54]} Be6 {[%emt 0:00:51]} 9. g3 {[%emt 0:04:58]} Qe7 {[%emt 0:02:44]} 10. Bg2 {[%emt 0:00:06]} O-O-O {[%emt 0:01:10]} 11. O-O-O {[%emt 0:01:55]} Kb8 {[%emt 0:05:49]} 12. h3 {[%emt 0:07:31]} Rhe8 {[%emt 0:05:57]} 13. Bxb6 {[%emt 0:09:46]} axb6 {[%emt 0:00:13]} 14. f4 {[%emt 0:04:31]} Bxb3 {[%emt 0:08:18]} 15. axb3 {[%emt 0:00:13]} d5 {[%emt 0:16:01]} 16. e5 {[%emt 0:03:33]} d4 {[%emt 0:00:42]} 17. Nb5 {[%emt 0:06:30]} Qc5 {[%emt 0:12:56]} 18. Qc4 {[%emt 0:00:34]} Nd5 {[%emt 0:04:01]} 19. Nxd4 {[%emt 0:03:14]} Qxc4 {[%emt 0:10:11]} 20. bxc4 {[%emt 0:01:44]} Nxd4 {[%emt 0:00:11]} 21. Rxd4 {[%emt 0:04:17]} Ne3 {[%emt 0:04:53]} 22. Rxd8+ {[%emt 0:01:24]} Rxd8 {[%emt 0:00:01]} 23. Be4 {[%emt 0:00:13]} h5 {[%emt 0:04:57]} 24. Bd3 {[%emt 0:09:52]} g6 {[%emt 0:03:53]} 25. Re1 {[%emt 0:01:40]} Nf5 {[%emt 0:00:29]} 26. e6 {[%emt 0:02:03]} fxe6 {[%emt 0:02:21]} 27. Rxe6 {[%emt 0:00:08]} Rg8 {[%emt 0:00:46]} 28. Kd2 {[%emt 0:04:43]} c6 {[%emt 0:00:28]} 29. g4 {[%emt 0:00:30]} hxg4 {[%emt 0:00:26]} 30. hxg4 {[%emt 0:01:48]} Nh4 {[%emt 0:00:19]} 31. Ke3 {[%emt 0:03:37]} Kc8 {[%emt 0:03:29]} 32. Kf2 {[%emt 0:01:07]} Kd7 {[%emt 0:01:37]} 33. Re5 {[%emt 0:00:48]} Rh8 {[%emt 0:00:43]} 34. Kg3 {[%emt 0:00:12]} 1-0

[Event "35th European Club Cup 2019"]
[Site "Ulcinj"]
[Date "2019.11.15"]
[Round "6.14"]
[White "Polzin, Rainer"]
[Black "Fernandez, Daniel Howard"]
[Result "1-0"]
[WhiteElo "2411"]
[BlackElo "2444"]
[Annotator "NA"]
[PlyCount "67"]
[EventDate "2019.11.10"]
[EventType "team-tourn"]
[EventCountry "MNE"]
[SourceTitle "playchess.com"]
[Source "ChessBase"]
[SourceQuality "1"]
[WhiteTeam "Berlin"]
[BlackTeam "KGSRL Gent"]
[TimeControl "40/5400+30:1800+30"]

1. e4 {[%emt 0:00:00]} c6 {[%emt 0:00:00]} 2. d4 {[%emt 0:00:00]} d5 {[%emt 0:00:00]} 3. e5 {[%emt 0:00:00]} Bf5 {[%emt 0:00:02]} 4. Nd2 {[%emt 0:00:02]} e6 {[%emt 0:02:40]} 5. Nb3 {[%emt 0:00:04]} Nd7 {[%emt 0:00:49]} 6. Nf3 {[%emt 0:00:09]} Bg6 {[%emt 0:06:23]} 7. Be2 {[%emt 0:02:29]} Ne7 {[%emt 0:00:35]} 8. O-O {[%emt 0:01:12]} a6 {[%emt 0:03:49]} 9. Bd2 {[%emt 0:01:57]} Nc8 {[%emt 0:10:12]} 10. a4 {[%emt 0:14:06]} c5 {[%emt 0:02:35]} 11. dxc5 {[%emt 0:19:19]} Nxc5 {[%emt 0:07:03]} 12. Ba5 {[%emt 0:00:09]} b6 {[%emt 0:01:00]} 13. Nxc5 {[%emt 0:00:03]} Bxc5 {[%emt 0:00:39]} 14. Bc3 {[%emt 0:01:00]} a5 {[%emt 0:00:49]} 15. Bb5+ {[%emt 0:01:46]} Kf8 {[%emt 0:01:05]} 16. Nd4 {[%emt 0:02:59]} h5 {[%emt 0:00:58]} 17. Nc6 {[%emt 0:07:59]} Qc7 {[%emt 0:00:22]} 18. Bd4 {[%emt 0:00:41]} Ne7 {[%emt 0:00:29]} 19. Nxe7 {[%emt 0:01:10]} Bxe7 {[%emt 0:03:39]} 20. Qd2 {[%emt 0:05:09]} Bf5 {[%emt 0:02:39]} 21. Rac1 {[%emt 0:02:41]} Rd8 {[%emt 0:02:49]} 22. Qe3 {[%emt 0:02:39]} Bc5 {[%emt 0:00:04]} 23. c3 {[%emt 0:00:06]} g6 {[%emt 0:01:56]} 24. b4 {[%emt 0:01:30]} Bxd4 {[%emt 0:00:07]} 25. cxd4 {[%emt 0:00:44]} Qe7 {[%emt 0:00:02]} 26. bxa5 {[%emt 0:00:19]} bxa5 {[%emt 0:00:03]} 27. Rc5 {[%emt 0:02:28]} Kg7 {[%emt 0:02:06]} 28. Rfc1 {[%emt 0:00:06]} h4 {[%emt 0:00:02]} 29. h3 {[%emt 0:04:35]} Rh7 {[%emt 0:06:47]} 30. Rc7 {[%emt 0:03:10]} Qb4 {[%emt 0:01:56]} 31. Qg5 {[%emt 0:00:21]} Rf8 {[%emt 0:00:06]} 32. Qf6+ {[%emt 0:00:33]} Kg8 {[%emt 0:00:02]} 33. Rc8 {[%emt 0:00:17]} g5 {[%emt 0:02:50]} 34. R1c5 {[%emt 0:06:55]} 1-0

[Event "35th European Club Cup 2019"]
[Site "Ulcinj"]
[Date "2019.11.15"]
[Round "6.15"]
[White "Bosiocic, Marin"]
[Black "Grachev, Boris"]
[Result "1/2-1/2"]
[WhiteElo "2598"]
[BlackElo "2608"]
[Annotator "TA"]
[PlyCount "169"]
[EventDate "2019.11.10"]
[EventType "team-tourn"]
[EventCountry "MNE"]
[SourceTitle "playchess.com"]
[Source "ChessBase"]
[SourceQuality "1"]
[WhiteTeam "Valerenga"]
[BlackTeam "Moscow Chess Team"]

{[%evp 17,169,45,42,43,58,41,29,15,0,0,0,0,15,9,9,10,3,4,9,0,5,18,16,21,49,45,49,46,46,45,47,12,16,25,23,8,8,8,8,8,42,46,56,56,56,56,95,66,152,152,152,152,152,152,152,152,152,152,152,152,152,0,152,152,152,152,152,152,152,152,152,0,152,152,152,152,152,152,152,152,152,152,152,152,152,152,152,0,152,152,180,180,152,152,152,152,152,152,152,152,152,152,152,152,152,152,152,152,152,152,152,152,152,152,152,152,152,152,152,68,68,68,190,190,190,190,191,190,191,190,191,191,191,190,218,218,218,191,218,191,191,193,218,218,218,218,218,218,218,218,218,218,218,218]} 1. e4 c5 2. Nf3 e6 3. d4 cxd4 4. Nxd4 Nf6 5. Nc3 Nc6 6. Ndb5 d6 7. Bf4 e5 8. Bg5 a6 9. Na3 Be6 10. Nc4 {B33: Sicilian: Pelikan and Sveshnikov Variations} Rb8 11. a4 Nb4 (11... h6 12. Bxf6 Qxf6 13. Nd5 Bxd5 14. exd5 Na7 15. Be2 Be7 16. O-O Bd8 17. Qd2 O-O {½-½ (48) Brkic,A (2563)-Mamedov,R (2703) Skopje 2018}) 12. a5 {White has an edge.} (12. Bxf6 {is interesting.} Qxf6 13. Be2 Rc8 14. Nb6 Rc5 15. a5) 12... d5 13. exd5 Nbxd5 14. Bxf6 $146 ({Predecessor:} 14. Nxd5 Qxd5 15. Bxf6 {½-½ (37) Sosovicka,J (2108)-Bizovi,M (2044) Prague 2012}) 14... gxf6 15. Nxd5 $1 Qxd5 16. Qxd5 Bxd5 17. Ne3 Bc6 18. Bc4 Bc5 19. Nd5 Rd8 20. O-O-O Bxd5 21. Bxd5 b6 22. axb6 Bxb6 23. f3 Ke7 24. c3 f5 25. Rhe1 Kf6 26. g4 Rhg8 27. gxf5 a5 28. Be4 Rxd1+ (28... h5 {keeps more tension.} 29. Rxd8 Bxd8 30. h4 a4 31. Kd2 Rg2+) 29. Rxd1 {Hoping for Rd6+.} Rg1 30. Rxg1 Bxg1 $14 {[%mdl 4096] Endgame KB-KB} 31. h3 $1 Ke7 32. Kc2 f6 (32... Be3 $14) 33. Kb3 $16 Be3 {[#]} 34. Ka4 $1 Bc1 {[#]} 35. b3 $1 (35. Kxa5 $6 Bxb2 36. Kb4 Kd6 $11) 35... Bd2 36. c4 ({Don't play} 36. Kxa5 $6 Bxc3+ 37. Ka4 Kd6 $11) 36... Kd6 37. Kb5 Kc7 38. Kc5 Be3+ 39. Kb5 Bd2 $1 40. Ba8 Bb4 41. Bc6 Ba3 42. Be8 Bb4 43. Bh5 Kb7 44. Be8 Kc7 45. Bf7 h6 46. Bh5 Kb7 47. Bg6 Kc7 48. Bf7 Kb7 49. c5 Kc7 50. Kc4 Kd7 51. Kd5 Ba3 52. Kc4 Bb4 $1 53. Bd5 Bd2 54. Be4 Be3 55. Kd5 Ke7 56. Kc6 Bf2 57. Bd3 Be3 58. Bb5 Bf2 59. Ba4 Be3 60. Kb5 Kd8 61. Kb6 ({But not} 61. Kxa5 $6 Bxc5 62. Kb5 Bf2 $14) 61... Bf2 62. Bb5 ({Don't do} 62. Kxa5 $6 Bxc5 63. Kb5 Bf2 $14) 62... Be3 63. Bc4 Bf2 64. Bd5 Be3 65. Kc6 Ke7 66. Kb5 Kd8 67. c6 Kc7 68. Bf7 ({White should play} 68. Kxa5 $16 Bc5 69. b4) 68... Bf2 69. Be8 Be3 (69... Be1 $1 $14) 70. Kxa5 $18 {White is clearly better.} Bf2 71. Kb5 Kd6 72. b4 {[%cal Bb3b4,Bb4b5][%mdl 32]} Be3 73. Kc4 Bb6 74. b5 Ba5 75. Kd3 Bb6 76. Ke4 Bc7 77. Bf7 Bb6 78. Bc4 Bc7 79. Be2 Bb6 80. f4 exf4 81. Kxf4 Ke7 82. Kg4 {Strongly threatening Kh5.} Kf8 83. Bc4 Bc7 84. Kf3 Ke7 85. Ke4 {Accuracy: White = 82%, Black = 71%.} 1/2-1/2

[Event "35th European Club Cup 2019"]
[Site "Ulcinj"]
[Date "2019.11.15"]
[Round "6.15"]
[White "Ris, Robert"]
[Black "Florstedt, Johannes"]
[Result "0-1"]
[WhiteElo "2454"]
[BlackElo "2352"]
[Annotator "ChessBase"]
[PlyCount "188"]
[EventDate "2019.11.10"]
[EventType "team-tourn"]
[EventCountry "MNE"]
[SourceTitle "playchess.com"]
[Source "ChessBase"]
[SourceQuality "1"]
[WhiteTeam "KGSRL Gent"]
[BlackTeam "Berlin"]
[TimeControl "40/5400+30:1800+30"]

1. e4 {[%emt 0:00:00]} e5 {[%emt 0:00:00]} 2. Nf3 {[%emt 0:00:35]} Nc6 {[%emt 0:00:00]} 3. Bb5 {[%emt 0:01:54]} a6 {[%emt 0:00:09]} 4. Ba4 {[%emt 0:00:32]} Nf6 {[%emt 0:00:08]} 5. O-O {[%emt 0:00:49]} Be7 {[%emt 0:00:59]} 6. Re1 {[%emt 0:03:02]} b5 {[%emt 0:00:11]} 7. Bb3 {[%emt 0:00:05]} d6 {[%emt 0:00:16]} 8. c3 {[%emt 0:00:33]} O-O {[%emt 0:00:12]} 9. h3 {[%emt 0:00:16]} Nb8 {[%emt 0:00:15]} 10. d4 {[%emt 0:00:19]} Nbd7 {[%emt 0:00:07]} 11. Nbd2 {[%emt 0:00:42]} Bb7 {[%emt 0:00:13]} 12. Bc2 {[%emt 0:01:05]} Re8 {[%emt 0:00:25]} 13. a4 {[%emt 0:03:42]} Bf8 {[%emt 0:01:56]} 14. Bd3 {[%emt 0:00:56]} c6 {[%emt 0:01:54]} 15. Qc2 {[%emt 0:02:09]} g6 {[%emt 0:05:14]} 16. b4 {[%emt 0:05:58]} Nb6 {[%emt 0:01:02]} 17. a5 {[%emt 0:03:44]} Nbd7 {[%emt 0:00:50]} 18. Bb2 {[%emt 0:01:15]} Rc8 {[%emt 0:02:02]} 19. c4 {[%emt 0:08:13]} exd4 {[%emt 0:13:01]} 20. Bxd4 {[%emt 0:06:02]} c5 {[%emt 0:02:32]} 21. bxc5 {[%emt 0:00:31]} dxc5 {[%emt 0:17:28]} 22. Bb2 {[%emt 0:01:52]} Bg7 {[%emt 0:13:40]} 23. e5 {[%emt 0:27:19]} Nh5 {[%emt 0:02:37]} 24. Be4 {[%emt 0:04:11]} Bxe4 {[%emt 0:02:51]} 25. Rxe4 {[%emt 0:01:24]} Bh8 {[%emt 0:07:47]} 26. Nf1 {[%emt 0:02:56]} Qc7 {[%emt 0:05:42]} 27. g4 {[%emt 0:03:36]} Ng7 {[%emt 0:00:53]} 28. Ne3 {[%emt 0:00:30]} Ne6 {[%emt 0:00:42]} 29. Nd5 {[%emt 0:00:40]} Qb7 {[%emt 0:00:44]} 30. Qe2 {[%emt 0:08:54]} bxc4 {[%emt 0:01:22]} 31. Rd1 {[%emt 0:00:49]} Nd4 {[%emt 0:06:25]} 32. Bxd4 {[%emt 0:04:14]} cxd4 {[%emt 0:00:31]} 33. Rexd4 {[%emt 0:00:54]} c3 {[%emt 0:02:46]} 34. Qe4 {[%emt 0:01:19]} Nc5 {[%emt 0:01:32]} 35. Qc2 {[%emt 0:00:46]} Qb2 {[%emt 0:03:59]} 36. R4d2 {[%emt 0:02:24]} Na4 {[%emt 0:02:29]} 37. Re2 {[%emt 0:01:14]} Bxe5 {[%emt 0:01:31]} 38. Rde1 {[%emt 0:02:04]} Qxc2 {[%emt 0:00:23]} 39. Rxc2 {[%emt 0:00:02]} Rcd8 {[%emt 0:01:12]} 40. Nb4 {[%emt 0:00:00]} Bd6 {[%emt 0:00:00]} 41. Rxe8+ {[%emt 0:07:04]} Rxe8 {[%emt 0:02:02]} 42. Nd5 {[%emt 0:00:09]} Kg7 {[%emt 0:02:19]} 43. Kf1 {[%emt 0:02:17]} Re4 {[%emt 0:09:19]} 44. Nb6 {[%emt 0:06:28]} Nxb6 {[%emt 0:01:17]} 45. axb6 {[%emt 0:00:02]} Rb4 {[%emt 0:00:34]} 46. Rxc3 {[%emt 0:00:06]} Rxb6 {[%emt 0:00:08]} 47. Rc8 {[%emt 0:00:17]} Rb1+ {[%emt 0:05:53]} 48. Kg2 {[%emt 0:00:25]} a5 {[%emt 0:01:13]} 49. Ra8 {[%emt 0:02:42]} Ra1 {[%emt 0:02:27]} 50. Ra6 {[%emt 0:03:20]} Bc5 {[%emt 0:01:02]} 51. Nd2 {[%emt 0:03:18]} Bb4 {[%emt 0:02:29]} 52. Ne4 {[%emt 0:01:32]} Re1 {[%emt 0:03:31]} 53. Kf3 {[%emt 0:00:51]} h6 {[%emt 0:00:24]} 54. h4 {[%emt 0:00:54]} Rh1 {[%emt 0:00:48]} 55. Kg3 {[%emt 0:01:25]} Rg1+ {[%emt 0:01:59]} 56. Kf4 {[%emt 0:00:32]} Rd1 {[%emt 0:01:17]} 57. g5 {[%emt 0:01:10]} hxg5+ {[%emt 0:00:18]} 58. hxg5 {[%emt 0:00:08]} Rd5 {[%emt 0:00:37]} 59. Ra8 {[%emt 0:01:38]} Be7 {[%emt 0:00:45]} 60. Ra7 {[%emt 0:00:39]} Ba3 {[%emt 0:00:32]} 61. Ra8 {[%emt 0:01:18]} Bc1+ {[%emt 0:00:49]} 62. Kg4 {[%emt 0:00:11]} Rf5 {[%emt 0:00:22]} 63. f3 {[%emt 0:00:48]} Rf4+ {[%emt 0:00:23]} 64. Kg3 {[%emt 0:00:08]} Rf5 {[%emt 0:00:08]} 65. Kg4 {[%emt 0:00:07]} Bb2 {[%emt 0:00:29]} 66. Nd6 {[%emt 0:00:52]} Rc5 {[%emt 0:01:11]} 67. Ra7 {[%emt 0:00:41]} Be5 {[%emt 0:02:46]} 68. Nxf7 {[%emt 0:01:17]} Rc4+ {[%emt 0:00:33]} 69. Kh3 {[%emt 0:00:08]} Rc7 {[%emt 0:00:07]} 70. Rxa5 {[%emt 0:00:40]} Bc3 {[%emt 0:00:42]} 71. Ra4 {[%emt 0:00:34]} Rxf7 {[%emt 0:00:19]} 72. Kg4 {[%emt 0:00:14]} Bd2 {[%emt 0:00:13]} 73. Rd4 {[%emt 0:00:47]} Be3 {[%emt 0:00:20]} 74. Re4 {[%emt 0:00:08]} Bc5 {[%emt 0:00:05]} 75. f4 {[%emt 0:00:35]} Rf5 {[%emt 0:00:18]} 76. Kf3 {[%emt 0:00:37]} Kf7 {[%emt 0:00:09]} 77. Kg4 {[%emt 0:00:23]} Rd5 {[%emt 0:00:09]} 78. Ra4 {[%emt 0:00:36]} Rd1 {[%emt 0:00:20]} 79. Re4 {[%emt 0:01:32]} Rf1 {[%emt 0:00:26]} 80. Re5 {[%emt 0:00:54]} Bd6 {[%emt 0:00:21]} 81. Re4 {[%emt 0:00:06]} Be7 {[%emt 0:01:13]} 82. Re5 {[%emt 0:00:54]} Bd6 {[%emt 0:00:04]} 83. Re4 {[%emt 0:00:07]} Rg1+ {[%emt 0:00:15]} 84. Kf3 {[%emt 0:00:06]} Ra1 {[%emt 0:00:56]} 85. Kg4 {[%emt 0:00:41]} Rb1 {[%emt 0:00:15]} 86. Rd4 {[%emt 0:02:02]} Ke6 {[%emt 0:00:20]} 87. Re4+ {[%emt 0:00:05]} Kd5 {[%emt 0:00:30]} 88. Ra4 {[%emt 0:00:31]} Rg1+ {[%emt 0:00:36]} 89. Kf3 {[%emt 0:00:14]} Rf1+ {[%emt 0:00:08]} 90. Kg4 {[%emt 0:00:11]} Rb1 {[%emt 0:00:11]} 91. Kg3 {[%emt 0:02:47]} Rb4 {[%emt 0:00:12]} 92. Ra5+ {[%emt 0:00:13]} Ke4 {[%emt 0:01:16]} 93. Ra6 {[%emt 0:00:12]} Rd4 {[%emt 0:01:28]} 94. Kg4 {[%emt 0:01:46]} Ke3 {[%emt 0:00:08]} 0-1